| 000 | 00564nam a2200169 a 4500 | ||
|---|---|---|---|
| 001 | 000015923 | ||
| 005 | 20200929164213.0 | ||
| 008 | 100222s1952 dr 001 0 spa d | ||
| 040 |
_aDO-SdBNP _bspa _cBNPHU |
||
| 082 | _aG615 | ||
| 245 | 0 | 0 |
_aLegislación contemporánea dominicana : _bRecopilación de leyes relativas al comercio en general / _cHéctor B. Goico. |
| 260 |
_aCiudad Trujillo, República Dominicana : _bDel Caribe, _c1952. |
||
| 300 |
_av. ; _c24 cm. |
||
| 500 | _aLa biblioteca posee el v. 1 | ||
| 700 | 1 |
_aGoico, Héctor B. _935815 |
|
| 049 | _aBNPD | ||
| 999 |
_c15465 _d15465 |
||